Boys Names that start with E - Statistics

General Stats
  • This quiz has been taken 425 times
  • The average score is 12 of 25
Answer Stats
Answer % Correct
Edward
91%
Ethan
84%
Eli
83%
Evan
79%
Eric
77%
Elijah
74%
Emmett
67%
Edwin
64%
Ernest
56%
Edgar
52%
Ezra
42%
Elliott
41%
Ewan
41%
Ellis
40%
Eban
39%
Emil
37%
Ezekiel
37%
Easton
35%
Egan
34%
Elton
34%
Everett
33%
Emerson
27%
Elvis
26%
Elwood
16%
Eldon
8%
No matching quizzes found
Score Distribution
Percent of People with Each Score
Percentile by Number Answered
Your Score History
You have not taken this quiz